Capitals Before and After Quiz Stats

Quiz Updated Sep 4, 2014

Challenge
Share
Tweet
Embed
Score 0/20 Timer 05:00
1 Play Today
Country 1 Capitals % Correct
CanadaOttawarsaw
92.6%
FinlandHelsinkiev
85.7%
NetherlandsAmsterdamascus
80.9%
EcuadorQuitokyo
80.8%
JordanAmmanila
66.8%
NicaraguaManaguatemala City
59.8%
AzerbaijanBakuala Lumpur
57.9%
SlovakiaBratislavaduz
55.7%
BelizeBelmopanama City
51.6%
East Timor (Timor-Leste)Dilima
51.1%
Country 1 Capitals % Correct
QatarDoharare
51%
NigeriaAbujakarta
49.9%
TajikistanDushanbeijing
43.6%
FijiSuvalletta
42.6%
SurinameParamaribogota
41.7%
MalawiLilongwellington
36.5%
VenezuelaCaracastries
36.3%
ArmeniaYerevantananarivo
35.3%
BahrainManamaputo
33.6%
EthiopiaAddis Ababandar Seri Begawan
32.3%

You're not logged in!

Compare scores with friends on all Sporcle quizzes.
Join for Free
OR
Log In

You Might Also Like...

Show Comments

Extras

Top Quizzes Today


Score Distribution

Your Account Isn't Verified!

In order to create a playlist on Sporcle, you need to verify the email address you used during registration. Go to your Sporcle Settings to finish the process.

Report this User

Report this user for behavior that violates our Community Guidelines.

Details: